AJ Auxerre ou Dijon FCO ? Rivalités #7 - Statistiques

Statistiques générales
  • Ce quiz a été pris 325 fois
  • Le résultat moyen est 11 sur 12
Statistiques - réponses
Question Réponse % Correct
Lequel a une chouette sur son blason ? Dijon FCO
99%
Lequel joue au Stade Gaston-Gérard ? Dijon FCO
98%
Lequel se situe dans le département numéro 21 ? Dijon FCO
98%
Lequel a le plus de participations en Coupe d’Europe ? AJ Auxerre
97%
Lequel a déjà gagné la Ligue 1 ? AJ Auxerre
91%
Lequel a été coaché par Guy Roux ? AJ Auxerre
91%
Lequel a déjà gagné la Coupe de France ? AJ Auxerre
90%
Lequel a eu PlayStation 2 comme sponsor sur son maillot ? AJ Auxerre
89%
Lequel se situe en région Bourgogne-Franche-Comté ? Les deux
88%
Lequel est le plus vieux ? AJ Auxerre
86%
Lequel a déjà compté dans ses rangs Yoann Gourcuff, Nayef Aguerd et Walid Regragui ? Dijon FCO
86%
Lequel évolue en Ligue 2 cette saison (2023/2024)? AJ Auxerre
67%
Aucun quiz correspondant
Distribution des résultats
% des personnes avec chaque résultat
Percentile par nombre de réponses
Votre historique - résultats
Vous n’avez pas pris ce quiz